000 00475nam a2200133 a 4500
008 120416s1972 xx |||||||||||||| || u
050 _aQE 461 Hyn
100 _aHyndman, Donald W
245 1 0 _aPetrology of igneous and metamorphic rocks
260 _a
_bMcGraw-Hill
_c1972
300 _aix, 533p. : ill
350 _a0.00
995 _D0.00
_FCBU-MAIN LIBRARY (Kitwe)
_H1
_I12.65
_UAVAILABLE
_ZAnnex Low-Usage Collection
999 _c53459
_d53459